Patients of Madam Pomfrey Quiz Stats

 Plays Quiz Updated Dec 6, 2017

Challenge
Share
Tweet
Embed
Score 0/32 Timer 04:00
5 Plays Today
Malady Patient % Correct
Various Quidditch/battle injuriesHarry Potter
98%
Petrification/polyjuice/tooth growthHermione Granger
97.6%
Hippogriff attackDraco Malfoy
94.8%
Dragon bite/broken leg/poisoningRon Weasley
93.9%
Beard removalFred Weasley
86.9%
Beard removalGeorge Weasley
86.3%
Triwizard tournament injuriesCedric Diggory
83.5%
Triwizard tournament injuriesFleur Delacour
83%
Triwizard tournament injuriesViktor Krum
82.6%
Battle wounds/broken wristNeville Longbottom
81%
PetrificationColin Creevey
80.2%
Battle wounds/possessionGinny Weasley
76.2%
Memory lossGilderoy Lockhart
71.6%
Confinement by Barty Crouch Jr.Alastor Moody
70.9%
Cursed necklace/Quaffle to the faceKatie Bell
69.9%
LycanthropyRemus Lupin
65.5%
Malady Patient % Correct
Werewolf attackBill Weasley
65.4%
Centaur attackDolores Umbridge
64.3%
Rebounding boil-inducing curseGregory Goyle
60.2%
PetrificationMrs. Norris
58.4%
PetrificationNicholas de Mimsy-Porpington
52.1%
PetrificationJustin Finch-Fletchley
51.9%
Battle woundsLuna Lovegood
46.4%
Stunning spellsMinerva McGonagall
41.9%
Battle woundsSeamus Finnigan
39.7%
PetrificationPenelope Clearwater
35%
O.W.L. related nervous attackHannah Abbott
30.2%
Antler removalPansy Parkinson
25.6%
Eyebrow growthAlicia Spinnet
22.5%
Vanishing cabinet injuriesMontague
22.4%
Hex pustulesMarietta Edgecombe
17.8%
Doxy egg overdoseCormac McLaggen
17.8%

You're not logged in!

Compare scores with friends on all Sporcle quizzes.
Join for Free
OR
Log In

You Might Also Like...

Show Comments

Extras

Top Quizzes Today


Score Distribution

Your Account Isn't Verified!

In order to create a playlist on Sporcle, you need to verify the email address you used during registration. Go to your Sporcle Settings to finish the process.

Report this User

Report this user for behavior that violates our Community Guidelines.

Details: